00348nam a2200097Ia 45000010005000000080041000050820025000461000060000712450098001312600021002293044241024s9999 xx 000 0 und d aRD/374.715/R426f/2-1 aRepública Dominicana.Ministerio de Educación MINERD 0aLa Familia, módulo II, Primer Ciclo de Educación Básica de Personas Jóvenes y Adultas bCentenarioc2013